000 00555nam a22001937a 4500
999 _c16327
_d16327
003 AR-CdUCM
008 190503b ||||| |||| 00| 0 spa d
040 _aMUNICIPALIDAD PROVINCIAL DEL CUSCO
_cBIBLIOTECA MUNICIPAL DEL CUSCO
082 _a869.50 /
_bD57
100 _aDpstoyevski, Fiodor
_935713
245 _aEl eterno Marido /
260 _aLima :
_bPopulibros,
300 _a191 páginas ;
_c18 cm.
440 _aPopulibros peruanos
_917881
505 _aObra literaria.
650 _aObra literaria.
_9308
942 _2ddc
_cLIBROS
945 _awfj